Απόψεις για τον ρόλο των δημοσίων σχέσεων στην προβολή του ελληνικού τουρισμού : πτυχιακή εργασία
Αποθηκεύτηκε σε:
| Κύριος συγγραφέας: | |
|---|---|
| Συγγραφή απο Οργανισμό/Αρχή: | |
| Άλλοι συγγραφείς: | |
| Μορφή: | Thesis Βιβλίο |
| Γλώσσα: | Greek |
| Δημοσίευση: |
2006
|
| Θέματα: | |
| Διαθέσιμο Online: | http://hdl.handle.net/11610/6852 |
| Ετικέτες: |
Προσθήκη ετικέτας
Δεν υπάρχουν, Καταχωρήστε ετικέτα πρώτοι!
|
MARC
| LEADER | 00000cam a2200000 i 4500 | ||
|---|---|---|---|
| 001 | 1/38860 | ||
| 008 | 061206s2006 gre d | ||
| 035 | |l 10086445 | ||
| 040 | |a GR-MY-UA |b gre |e aacr | ||
| 041 | 0 | |a gre | |
| 082 | 0 | |a 338.4791 |2 (22) | |
| 100 | 1 | |a Ζερίτης, Φώτιος. | |
| 245 | 1 | 0 | |a Απόψεις για τον ρόλο των δημοσίων σχέσεων στην προβολή του ελληνικού τουρισμού : |b πτυχιακή εργασία / |c Φώτιος Ζερίτης ; υπεύθυνος καθηγητής Πάρις Τσάρτας |
| 260 | |c 2006 | ||
| 300 | |a 155 σ.; |b διαγρ., πίν.; |c 30 εκ. | ||
| 502 | |a Πτυχιακή εργασία – Πανεπιστήμιο Αιγαίου, Χίος, 2006. | ||
| 504 | |a Περιλαμβάνει βιβλιογραφία | ||
| 610 | 2 | 0 | |a Πανεπιστήμιο Αιγαίου. |
| 650 | 0 | 0 | |a Tourism |x Marketing. |
| 650 | 0 | 0 | |a Tourism |x Public relations. |
| 650 | 0 | 0 | |a Public relations. |
| 650 | 0 | 0 | |a Dissertations, Academic |z Greece. |
| 700 | 1 | |a Τσάρτας, Πάρις, |d 1956- |4 ths | |
| 710 | 1 | |a Πανεπιστήμιο Αιγαίου |b Σχολή Επιστημών της Διοίκησης |b Τμήμα Διοίκησης Επιχειρήσεων - Τ.Δ.Ε. | |
| 852 | |a INST |b CHIOS |c DIATR |e 20061206 |h 338.4791 ΖΕΡ |p 005200026523 |q 005200026523 |t DIE |y 23 | ||
| 852 | |a INST |b CHIOS |c DIATR |e 20061206 |h 338.4791 ΖΕΡ |p 005200026524 |q 005200026524 |t DIE |y 23 | ||
| 856 | |u http://hdl.handle.net/11610/6852 | ||
| 901 | |a BIBL2-2006-3 | ||
| 909 | |a Χ |b 130778 | ||
| 909 | |a Χ |b 130779 | ||
| 924 | |a ΖΕΡΙΤΗΣ |b ΦΩΤΙΟΣ |y ΧΙΟΣ |z 2006-11 | ||
| 970 | |a ΒΑΣΙΛΑΚΗ |b ΝΙΚΗ |z 2006/12/06 | ||